[Event "Nizhnij Novgorod Dubinin Memorial 22nd"]
[Site "Nizhnij Novgorod"]
[Date "2015.??.??"]
[Round "2"]
[White "Borisov, Sergey N"]
[Black "Nikulin, Pavel"]
[Result "1/2-1/2"]
[WhiteElo "1813"]
[BlackElo "2008"]
[PlyCount "40"]
[EventDate "2015.01.03"]
[EventType "swiss"]
[EventRounds "9"]
[EventCountry "RUS"]
[SourceTitle "CBM 164 Extra"]
[Source "ChessBase"]
[SourceDate "2015.03.02"]
[SourceVersion "1"]
[SourceVersionDate "2015.03.02"]
[SourceQuality "1"]

1. e4 d5 2. exd5 Nf6 3. d4 Nxd5 4. c4 Nb6 5. Nc3 e5 6. dxe5 Qxd1+ 7. Nxd1 Nc6 8. Nf3 Be6 9. Ne3 0-0-0 10. Be2 Bb4+ 11. Kf1 Bc5 12. b3 Nxe5 13. Bb2 Nxf3 14. Bxf3 Bd4 15. Rb1 Bxb2 16. Rxb2 Rd4 17. Ke2 Rhd8 18. Rd1 Rxd1 19. Nxd1 c6 20. Rd2 Rxd2+ 1/2-1/2

[Event "Nizhnij Novgorod Dubinin Memorial 22nd"]
[Site "Nizhnij Novgorod"]
[Date "2015.??.??"]
[Round "4"]
[White "Krashenov, Valery"]
[Black "Nikulin, Pavel"]
[Result "0-1"]
[WhiteElo "1814"]
[BlackElo "2008"]
[PlyCount "118"]
[EventDate "2015.01.03"]
[EventType "swiss"]
[EventRounds "9"]
[EventCountry "RUS"]
[SourceTitle "CBM 164 Extra"]
[Source "ChessBase"]
[SourceDate "2015.03.02"]
[SourceVersion "1"]
[SourceVersionDate "2015.03.02"]
[SourceQuality "1"]

1. d4 c5 2. d5 d6 3. e4 Nf6 4. Nd2 g6 5. Ngf3 Bg7 6. Bd3 0-0 7. 0-0 Na6 8. a3 Nc7 9. c4 Bd7 10. Rb1 b5 11. b4 cxb4 12. axb4 bxc4 13. Nxc4 Rb8 14. Na5 Nb5 15. Bd2 Ng4 16. h3 Ne5 17. Nxe5 Bxe5 18. Rc1 Rc8 19. Nc6 Bxc6 20. dxc6 Qb6 21. Be3 Bd4 22. Qe2 Nc7 23. Rc4 Bxe3 24. fxe3 d5 25. exd5 Nxd5 26. Re4 Nc3 27. Qd2 Nxe4 28. Bxe4 Rcd8 29. Qc3 Rc8 30. Kh1 Rc7 31. Rd1 Qb8 32. Rb1 Rd8 33. b5 Qb6 34. Qe5 Rd6 35. Bd5 Rf6 36. Rb3 Qb8 37. Bf3 Rf5 38. Qb2 Qb6 39. Qd2 Rf6 40. Qd8+ Kg7 41. Qd3 Rd6 42. Qc3+ Kg8 43. h4 h5 44. Qc4 Rc8 45. Rd3 Rxd3 46. Qxd3 Rd8 47. Qc4 Qc7 48. Qc5 Rd2 49. Qc3 Rd8 50. Qc4 Qe5 51. Qf4 Qxb5 52. Qc7 Qb1+ 53. Kh2 Qb8 54. Qxb8 Rxb8 55. Kg3 a5 56. Kf4 Kf8 57. Ke5 Ke8 58. Bd5 e6 59. Be4 Kd8 0-1

[Event "Nizhnij Novgorod Dubinin Memorial 22nd"]
[Site "Nizhnij Novgorod"]
[Date "2015.??.??"]
[Round "1"]
[White "Nikulin, Pavel"]
[Black "Kukushkin, Alexander"]
[Result "1-0"]
[WhiteElo "2008"]
[BlackElo "1494"]
[PlyCount "69"]
[EventDate "2015.01.03"]
[EventType "swiss"]
[EventRounds "9"]
[EventCountry "RUS"]
[SourceTitle "CBM 164 Extra"]
[Source "ChessBase"]
[SourceDate "2015.03.02"]
[SourceVersion "1"]
[SourceVersionDate "2015.03.02"]
[SourceQuality "1"]

1. e4 d6 2. d4 g6 3. Nc3 Bg7 4. Be3 Nf6 5. f3 0-0 6. Qd2 b6 7. Bh6 c5 8. d5 Nbd7 9. h4 a6 10. a4 Kh8 11. Bxg7+ Kxg7 12. h5 Rh8 13. g4 Kg8 14. Bg2 Qf8 15. Nge2 Ne5 16. Ng3 Qg7 17. b3 Bd7 18. h6 Qf8 19. g5 Ne8 20. f4 Ng4 21. Bh3 f5 22. Bxg4 fxg4 23. 0-0 Nc7 24. f5 Qe8 25. Qf4 b5 26. a5 b4 27. Na4 Bxa4 28. bxa4 Rb8 29. Qxg4 Qd7 30. Qf3 Rf8 31. Qd3 Rf7 32. e5 dxe5 33. fxg6 Rxf1+ 34. Rxf1 Qxd5 35. g7 1-0

[Event "Nizhnij Novgorod-ch"]
[Site "Nizhnij Novgorod"]
[Date "2014.??.??"]
[Round "8"]
[White "Platonychev, Aleksandr"]
[Black "Nikulin, Pavel"]
[Result "1-0"]
[WhiteElo "1886"]
[BlackElo "2024"]
[PlyCount "101"]
[EventDate "2014.03.??"]
[EventType "swiss"]
[EventRounds "9"]
[EventCountry "RUS"]
[SourceTitle "EXT 2016"]
[Source "ChessBase"]
[SourceDate "2015.10.08"]
[SourceVersion "1"]
[SourceVersionDate "2015.10.08"]
[SourceQuality "1"]

1. e4 d5 2. exd5 Nf6 3. c4 c6 4. Nc3 cxd5 5. d4 e6 6. Nf3 Be7 7. Ne5 0-0 8. Bd3 dxc4 9. Bxc4 Nc6 10. Nxc6 bxc6 11. 0-0 Bb7 12. Be3 Nd5 13. Nxd5 cxd5 14. Bd3 Bf6 15. Qh5 g6 16. Qf3 Bg7 17. Rab1 Rc8 18. Qg3 Qb6 19. Qf4 Ba6 20. Rfd1 Bc4 21. Bxc4 Rxc4 22. h4 e5 23. Qf3 exd4 24. Bg5 Qc6 25. h5 Rc8 26. Re1 Re8 27. h6 Be5 28. Qd3 Re6 29. Re2 Qe8 30. Rbe1 Rcc6 31. f4 Bh8 32. f5 gxf5 33. Qg3 Kf8 34. Qa3+ Kg8 35. Qxa7 d3 36. Rxe6 Rxe6 37. Rxe6 fxe6 38. b4 Be5 39. Bf4 d2 40. Bxd2 Qh5 41. Qe3 Qh2+ 42. Kf1 Kf7 43. a4 d4 44. Qf3 Qh1+ 45. Ke2 Qb1 46. a5 Qa2 47. b5 Qc4+ 48. Qd3 Qd5 49. Kf1 Ke8 50. a6 Bc7 51. Qf3 1-0

[Event "Nizhnij Novgorod-ch"]
[Site "Nizhnij Novgorod"]
[Date "2014.??.??"]
[Round "4"]
[White "Senin, Sergey"]
[Black "Nikulin, Pavel"]
[Result "1-0"]
[WhiteElo "2182"]
[BlackElo "2024"]
[PlyCount "101"]
[EventDate "2014.03.??"]
[EventType "swiss"]
[EventRounds "9"]
[EventCountry "RUS"]
[SourceTitle "EXT 2016"]
[Source "ChessBase"]
[SourceDate "2015.10.08"]
[SourceVersion "1"]
[SourceVersionDate "2015.10.08"]
[SourceQuality "1"]

1. Nf3 Nf6 2. g3 g6 3. Bg2 Bg7 4. 0-0 0-0 5. d3 d5 6. Nbd2 Re8 7. e4 dxe4 8. dxe4 c6 9. Qe2 e5 10. Nc4 Qc7 11. Rd1 Bg4 12. h3 Bxf3 13. Qxf3 Nbd7 14. Be3 Rad8 15. b4 h6 16. c3 b6 17. h4 Nf8 18. a4 N6h7 19. a5 b5 20. Nd2 Ne6 21. Nb3 Nhf8 22. Bh3 Rxd1+ 23. Rxd1 Rd8 24. Rxd8 Nxd8 25. Qd1 Nfe6 26. Qd2 h5 27. Nc5 Nxc5 28. Bxc5 Bf8 29. Bxa7 Qxa7 30. Qxd8 c5 31. Qb6 Qxb6 32. axb6 cxb4 33. b7 Bd6 34. cxb4 Kf8 35. Bd7 Ke7 36. Bxb5 Kf6 37. Kg2 Ke7 38. Kf3 Bb8 39. Ke2 Kd6 40. Bc4 Kc7 41. Bd5 f6 42. Kd3 g5 43. Kc4 gxh4 44. gxh4 Kd6 45. Kb5 f5 46. Kb6 fxe4 47. Bxe4 Kd7 48. Bf3 Kd6 49. Bxh5 e4 50. Bg6 Ke5 51. Kc6 1-0

[Event "Nizhnij Novgorod op"]
[Site "Nizhnij Novgorod"]
[Date "2012.10.06"]
[Round "1"]
[White "Nikulin, Pavel"]
[Black "Danov, Alexander"]
[Result "0-1"]
[WhiteElo "2066"]
[BlackElo "2226"]
[PlyCount "98"]
[EventDate "2012.10.06"]
[EventType "swiss"]
[EventRounds "9"]
[EventCountry "RUS"]
[SourceTitle "EXT 2013"]
[Source "ChessBase"]
[SourceDate "2012.11.22"]
[SourceVersion "1"]
[SourceVersionDate "2012.11.22"]
[SourceQuality "1"]

1. e4 e6 2. d4 d5 3. exd5 exd5 4. Bd3 Nc6 5. c3 Bd6 6. Qf3 Nf6 7. h3 Qe7+ 8. Ne2 Ne4 9. 0-0 f5 10. Bf4 Be6 11. Bxd6 Qxd6 12. Qh5+ Kd7 13. f4 Rag8 14. Na3 Kc8 15. Nc2 h6 16. Ne3 g6 17. Qh4 g5 18. Qe1 Ne7 19. Bxe4 dxe4 20. c4 gxf4 21. Nxf4 Ng6 22. Nxg6 Rxg6 23. d5 Bd7 24. Qf2 Rhg8 25. Kh1 Rg3 26. Nxf5 Bxf5 27. Qxf5+ Qd7 28. Qxd7+ Kxd7 29. Rf2 Kd6 30. Rc2 e3 31. Re2 Kc5 32. b3 Kd4 33. Rd1+ Ke4 34. c5 R3g5 35. d6 Rxc5 36. dxc7 Rxc7 37. Rd6 Re8 38. Kh2 Ree7 39. Rd1 Rc3 40. Kg3 Rec7 41. Rde1 a5 42. Kg4 R7c5 43. Kg3 b5 44. Kh2 a4 45. bxa4 bxa4 46. Kg1 a3 47. Kf1 Rf5+ 48. Kg1 Rb5 49. Kf1 Rb2 0-1

[Event "Nizhnij Novgorod Dubinin Memorial 18th"]
[Site "Nizhnij Novgorod"]
[Date "2011.01.03"]
[Round "?"]
[White "Golovin, Leonid"]
[Black "Nikulin, Pavel"]
[Result "1-0"]
[WhiteElo "2473"]
[BlackElo "2103"]
[PlyCount "31"]
[EventDate "2011.01.03"]
[EventType "swiss"]
[EventRounds "9"]
[EventCountry "RUS"]
[SourceTitle "EXT 2012"]
[Source "ChessBase"]
[SourceDate "2011.11.24"]
[SourceVersion "1"]
[SourceVersionDate "2011.11.24"]
[SourceQuality "1"]

1. Nf3 d5 2. d4 c6 3. Bf4 Nf6 4. Nbd2 Bf5 5. e3 e6 6. h3 h6 7. Be2 Nbd7 8. 0-0 Be7 9. c4 0-0 10. a3 c5 11. cxd5 exd5 12. Qb3 Qb6 13. Qxb6 axb6 14. g4 Bh7 15. Bb5 Rfd8 16. Ne5 1-0

[Event "Nizhnij Novgorod Dubinin Memorial 18th"]
[Site "Nizhnij Novgorod"]
[Date "2011.01.03"]
[Round "?"]
[White "Nikulin, Pavel"]
[Black "Baryshev, Sergey"]
[Result "1-0"]
[WhiteElo "2103"]
[BlackElo "1809"]
[PlyCount "39"]
[EventDate "2011.01.03"]
[EventType "swiss"]
[EventRounds "9"]
[EventCountry "RUS"]
[SourceTitle "EXT 2012"]
[Source "ChessBase"]
[SourceDate "2011.11.24"]
[SourceVersion "1"]
[SourceVersionDate "2011.11.24"]
[SourceQuality "1"]

1. e4 e5 2. Nf3 Nc6 3. d4 exd4 4. Bc4 h6 5. 0-0 d6 6. Nxd4 Nxd4 7. Qxd4 Be6 8. Nc3 Qf6 9. Qd3 c6 10. a4 g5 11. Be3 Qe7 12. Bd4 f6 13. Nd5 cxd5 14. exd5 Qh7 15. Qe2 Be7 16. dxe6 h5 17. Bd3 Qh6 18. Qe4 0-0-0 19. Qd5 Qg7 20. Bxa7 1-0

[Event "Nizhnij Novgorod Region-ch op"]
[Site "Nizhnij Novgorod"]
[Date "2008.10.??"]
[Round "3"]
[White "Leukhin, Mikhail"]
[Black "Nikulin, Pavel"]
[Result "0-1"]
[WhiteElo "2018"]
[BlackElo "2127"]
[PlyCount "86"]
[EventDate "2008.10.04"]
[EventType "swiss"]
[EventRounds "9"]
[EventCountry "RUS"]
[SourceTitle "EXT 2022"]
[Source "ChessBase"]
[SourceDate "2021.10.06"]
[SourceVersion "1"]
[SourceVersionDate "2021.10.06"]
[SourceQuality "1"]

1. d4 Nf6 2. c4 c5 3. Nf3 cxd4 4. Nxd4 e5 5. Nb5 d5 6. cxd5 Bc5 7. e3 a6 8. N5c3 0-0 9. Be2 e4 10. a3 b5 11. b4 Bd6 12. Bb2 Qe7 13. Nd2 Nbd7 14. Qc2 Re8 15. Nb3 Nb6 16. Rd1 Bd7 17. Na5 Rac8 18. Qb3 Ng4 19. Bxg4 Bxg4 20. Rd4 Bf5 21. Nc6 Qg5 22. g3 Qh5 23. h3 Qf3 24. Rg1 Nc4 25. Bc1 Ne5 26. g4 Bg6 27. Nxe5 Bxe5 28. d6 Red8 29. d7 Rc7 30. Bd2 Bxd4 31. exd4 Rdxd7 32. Be3 Qxh3 33. a4 Qh2 34. Rf1 bxa4 35. Nxa4 Qg2 36. Nc5 Qxg4 37. Nxd7 Qxd7 38. Kd2 h5 39. Rc1 Rxc1 40. Kxc1 h4 41. d5 Qc7+ 42. Qc2 Qxc2+ 43. Kxc2 h3 0-1

[Event "Nizhnij Novgorod Dubinin Memorial 15th"]
[Site "Nizhnij Novgorod"]
[Date "2008.01.??"]
[Round "?"]
[White "Nikulin, Pavel"]
[Black "Mandrikov, Sergey"]
[Result "1/2-1/2"]
[WhiteElo "2138"]
[BlackElo "2018"]
[PlyCount "47"]
[EventDate "2008.01.??"]
[EventType "swiss"]
[EventRounds "9"]
[EventCountry "RUS"]
[SourceTitle "CBM 122 Extra"]
[Source "ChessBase"]
[SourceDate "2008.03.04"]
[SourceVersion "1"]
[SourceVersionDate "2008.03.04"]
[SourceQuality "1"]

1. d4 Nf6 2. Nc3 d5 3. Bg5 Nbd7 4. Nf3 c6 5. e3 Qa5 6. Nd2 e6 7. a3 Bd6 8. b4 Qc7 9. f4 h6 10. Bxf6 Nxf6 11. Nb3 b6 12. Bd3 a6 13. 0-0 0-0 14. Na4 Nd7 15. c3 c5 16. Nd2 Bb7 17. Nf3 Bc6 18. Ne5 Bxa4 19. Qxa4 b5 20. Qd1 c4 21. Nxd7 Qxd7 22. Bc2 f5 23. a4 Ra7 24. a5 1/2-1/2

[Event "Nizhnij Novgorod Dubinin Memorial 15th"]
[Site "Nizhnij Novgorod"]
[Date "2008.01.??"]
[Round "?"]
[White "Nikulin, Pavel"]
[Black "Shendrik, Zhanna"]
[Result "0-1"]
[WhiteElo "2138"]
[BlackElo "2008"]
[PlyCount "40"]
[EventDate "2008.01.??"]
[EventType "swiss"]
[EventRounds "9"]
[EventCountry "RUS"]
[SourceTitle "CBM 122 Extra"]
[Source "ChessBase"]
[SourceDate "2008.03.04"]
[SourceVersion "1"]
[SourceVersionDate "2008.03.04"]
[SourceQuality "1"]

1. d4 Nf6 2. Nc3 c5 3. d5 d6 4. e4 g6 5. f4 Bg7 6. Bb5+ Bd7 7. e5 Ng8 8. Nf3 Bxb5 9. Nxb5 a6 10. Nc3 Nh6 11. 0-0 0-0 12. a4 b6 13. Qe2 Re8 14. Be3 Nd7 15. Bf2 Qc7 16. Rfe1 e6 17. dxe6 Rxe6 18. Ng5 Re7 19. e6 Nf6 20. Qc4 fxe6 0-1

[Event "RUS-Cup"]
[Site "Bor"]
[Date "2000.??.??"]
[Round "8"]
[White "Nikulin, Pavel"]
[Black "Mashinskaya, Iulia"]
[Result "0-1"]
[WhiteElo "2093"]
[BlackElo "2381"]
[PlyCount "90"]
[EventDate "2000.06.??"]
[EventType "swiss"]
[EventRounds "9"]
[EventCountry "RUS"]
[SourceTitle "EXT 2001"]
[Source "ChessBase"]
[SourceDate "2000.11.22"]
[SourceVersion "1"]
[SourceVersionDate "2000.11.22"]
[SourceQuality "1"]

1. e4 c5 2. Nf3 Nc6 3. d4 cxd4 4. Nxd4 Qc7 5. Nc3 e6 6. g3 a6 7. Bg2 Nf6 8. 0-0 Bc5 9. Nxc6 dxc6 10. Bg5 e5 11. Na4 Ba7 12. Qd2 Bg4 13. Rae1 b5 14. Nc3 Rd8 15. Qc1 h6 16. Be3 0-0 17. f3 Be6 18. b3 Rd7 19. Rd1 Rfd8 20. Rxd7 Rxd7 21. Rd1 b4 22. Rxd7 Bxe3+ 23. Qxe3 Qxd7 24. Na4 Qd1+ 25. Kf2 Qxc2+ 26. Qe2 Qxe2+ 27. Kxe2 Nd7 28. Bf1 Kf8 29. Kd2 a5 30. Ba6 Ke7 31. Be2 Kd6 32. Ke3 f6 33. Nb2 Nb6 34. Nd3 c5 35. Nc1 c4 36. Bd1 Kc5 37. Bc2 Kb5 38. Bd1 a4 39. bxc4+ Nxc4+ 40. Kf2 Na5 41. Ke3 b3 42. axb3 axb3 43. Nd3 Nc4+ 44. Ke2 b2 45. Bc2 Na3 0-1

[Event "RUS-Cup"]
[Site "Bor"]
[Date "2000.??.??"]
[Round "1"]
[White "Tunik, Gennady"]
[Black "Nikulin, Pavel"]
[Result "1-0"]
[WhiteElo "2442"]
[BlackElo "2093"]
[PlyCount "75"]
[EventDate "2000.06.??"]
[EventType "swiss"]
[EventRounds "9"]
[EventCountry "RUS"]
[SourceTitle "EXT 2001"]
[Source "ChessBase"]
[SourceDate "2000.11.22"]
[SourceVersion "1"]
[SourceVersionDate "2000.11.22"]
[SourceQuality "1"]

1. d4 Nf6 2. c4 c5 3. d5 d6 4. Nc3 g6 5. e4 Bg7 6. f3 a6 7. Bg5 0-0 8. Qd2 b5 9. cxb5 axb5 10. Bxb5 Ba6 11. Nge2 Qa5 12. a4 Bxb5 13. Nxb5 Qb6 14. 0-0 Bh8 15. Nec3 Nbd7 16. Kh1 Qa5 17. Qe2 Qd8 18. f4 Ne8 19. e5 dxe5 20. Bh6 Nd6 21. Bxf8 Qxf8 22. Nxd6 exd6 23. f5 Nf6 24. a5 Qe7 25. a6 h5 26. fxg6 fxg6 27. Ne4 Ng4 28. h3 Nh6 29. Qb5 Nf5 30. Qb7 Qd8 31. a7 Bg7 32. Ra3 c4 33. Rxf5 gxf5 34. Rg3 Qf8 35. Rxg7+ Qxg7 36. Qxa8+ Kh7 37. Qb8 Qh6 38. Qc7+ 1-0